Bipanna paribesh sankatapanna basundhara (paribesh bishayak prabandha sankalan)/ (Record no. 12176)
[ view plain ]
| 000 -LEADER | |
|---|---|
| fixed length control field | 00597nam a22001937a 4500 |
| 005 - DATE AND TIME OF LATEST TRANSACTION | |
| control field | 20250325064923.0 |
| 008 - FIXED-LENGTH DATA ELEMENTS--GENERAL INFORMATION | |
| fixed length control field | 250325b |||||||| |||| 00| 0 eng d |
| 020 ## - INTERNATIONAL STANDARD BOOK NUMBER | |
| International Standard Book Number | 9788192296500 |
| 040 ## - CATALOGING SOURCE | |
| Original cataloging agency | IN-DiNC |
| Transcribing agency | IN-DiNC |
| 041 ## - LANGUAGE CODE | |
| Language code of sung or spoken text | Assamese |
| 082 ## - DEWEY DECIMAL CLASSIFICATION NUMBER | |
| Classification number | 363.7 |
| Item number | BIP |
| 245 ## - TITLE STATEMENT | |
| Title | Bipanna paribesh sankatapanna basundhara (paribesh bishayak prabandha sankalan)/ |
| Statement of responsibility, etc. | Complied by Manas Pratim Baruah |
| 250 ## - EDITION STATEMENT | |
| Edition statement | 1st ed. |
| 260 ## - PUBLICATION, DISTRIBUTION, ETC. | |
| Place of publication, distribution, etc. | Mirza: |
| Name of publisher, distributor, etc. | Dakshin Kamrup College, |
| Date of publication, distribution, etc. | 2011. |
| 300 ## - PHYSICAL DESCRIPTION | |
| Extent | 175p. |
| 650 ## - SUBJECT ADDED ENTRY--TOPICAL TERM | |
| Topical term or geographic name entry element | Articles on environmental science |
| 700 ## - ADDED ENTRY--PERSONAL NAME | |
| Personal name | Baruah, Manas Pratim |
| Relator term | Editor |
| 942 ## - ADDED ENTRY ELEMENTS (KOHA) | |
| Source of classification or shelving scheme | Dewey Decimal Classification |
| Koha item type | Books |
| Withdrawn status | Lost status | Source of classification or shelving scheme | Damaged status | Not for loan | Collection code | Home library | Current library | Shelving location | Date acquired | Cost, normal purchase price | Total Checkouts | Full call number | Barcode | Date last seen | Copy number | Price effective from | Koha item type |
|---|---|---|---|---|---|---|---|---|---|---|---|---|---|---|---|---|---|
| Dewey Decimal Classification | General Collection | Naharkatiya College Library | Naharkatiya College Library | General Stacks | 25/03/2025 | 160.00 | 363.7 BIP | 25857 | 25/03/2025 | 1 | 25/03/2025 | Books |
